Random Pictures #3 - Statistics

General Stats
  • This quiz has been taken 35 times
  • The average score is 11 of 16
Answer Stats
Picture Answer % Correct
Barbie
93%
Brain
93%
Rainbow
93%
John F. Kennedy
90%
Princess Diana
87%
Hillary Clinton
83%
Ferrari
73%
Florida
73%
Tokyo
73%
Panther
70%
Goat
63%
Mount Fuji
63%
Pakistan
57%
Cerberus
40%
Semi Truck
17%
Great Pyrenees
0%
No matching quizzes found
Score Distribution
Percent of People with Each Score
Percentile by Number Answered
Your Score History
You have not taken this quiz